ARRUPE JESUIT UNIVERSITY

CORONAVIRUS -STOP THE SPREAD - CLEAN,DISINFECT,COVER

The politics of economic sanctions on Rhodesia (Zimbabwe) : (Record no. 122015)

MARC details
000 -LEADER
fixed length control field 01348cam a2200397 a 4500
001 - CONTROL NUMBER
control field 10636289
003 - CONTROL NUMBER IDENTIFIER
control field ARRUPE
005 - DATE AND TIME OF LATEST TRANSACTION
control field 20150324020007.0
008 - FIXED-LENGTH DATA ELEMENTS--GENERAL INFORMATION
fixed length control field 120827s2012 rh b 001 0 eng
010 ## - LIBRARY OF CONGRESS CONTROL NUMBER
LC control number 2012310243
020 ## - INTERNATIONAL STANDARD BOOK NUMBER
International Standard Book Number 1779200064
020 ## - INTERNATIONAL STANDARD BOOK NUMBER
International Standard Book Number 9781779200068
035 ## - SYSTEM CONTROL NUMBER
System control number (OCoLC)ocn824088038
035 ## - SYSTEM CONTROL NUMBER
System control number (OCoLC)824088038
035 ## - SYSTEM CONTROL NUMBER
System control number (NNC)10636289
040 ## - CATALOGING SOURCE
Original cataloging agency DLC
Language of cataloging eng
Transcribing agency DLC
Modifying agency OCLCO
-- OCLCA
-- OCLCF
042 ## - AUTHENTICATION CODE
Authentication code lcode
-- pcc
043 ## - GEOGRAPHIC AREA CODE
Geographic area code f-rh---
050 00 - LIBRARY OF CONGRESS CALL NUMBER
Classification number HF1613.5
Item number .K86 2012
300 ## - PHYSICAL DESCRIPTION
Dimensions 23 cm.
100 1# - MAIN ENTRY--PERSONAL NAME
Personal name Kurebwa, Joseph.
9 (RLIN) 15021
245 14 - TITLE STATEMENT
Title The politics of economic sanctions on Rhodesia (Zimbabwe) :
Remainder of title 1965 to 1979 /
Statement of responsibility, etc Joseph Kurebwa.
260 ## - PUBLICATION, DISTRIBUTION, ETC. (IMPRINT)
Place of publication, distribution, etc Harare, Zimbabwe :
Name of publisher, distributor, etc University of Zimbabwe Publications,
Date of publication, distribution, etc 2012.
300 ## - PHYSICAL DESCRIPTION
Extent xi, 324 p. ;
504 ## - BIBLIOGRAPHY, ETC. NOTE
Bibliography, etc Includes bibliographical references (p. 310-315) and index.
648 #7 - SUBJECT ADDED ENTRY--CHRONOLOGICAL TERM
Chronological term 1965 - 1980
Source of heading or term fast
9 (RLIN) 15022
650 #0 - SUBJECT ADDED ENTRY--TOPICAL TERM
Topical term or geographic name as entry element Economic sanctions
Geographic subdivision Zimbabwe.
9 (RLIN) 15023
650 #7 - SUBJECT ADDED ENTRY--TOPICAL TERM
Topical term or geographic name as entry element Economic history.
Source of heading or term fast
9 (RLIN) 7284
650 #7 - SUBJECT ADDED ENTRY--TOPICAL TERM
Topical term or geographic name as entry element Economic sanctions.
Source of heading or term fast
9 (RLIN) 15024
650 #7 - SUBJECT ADDED ENTRY--TOPICAL TERM
Topical term or geographic name as entry element Political science.
Source of heading or term fast
9 (RLIN) 15025
651 #0 - SUBJECT ADDED ENTRY--GEOGRAPHIC NAME
Geographic name Zimbabwe
General subdivision Economic conditions
Chronological subdivision 1965-1980.
9 (RLIN) 15026
651 #0 - SUBJECT ADDED ENTRY--GEOGRAPHIC NAME
Geographic name Zimbabwe
General subdivision Politics and government
Chronological subdivision 1965-1979.
9 (RLIN) 15027
651 #7 - SUBJECT ADDED ENTRY--GEOGRAPHIC NAME
Geographic name Zimbabwe.
Source of heading or term fast
9 (RLIN) 9210
942 ## - ADDED ENTRY ELEMENTS (KOHA)
Source of classification or shelving scheme Library of Congress Classification
Koha item type Monograph ( Printed materials)
Koha issues (borrowed), all copies 4
948 1# - LOCAL PROCESSING INFORMATION (OCLC); SERIES PART DESIGNATOR (RLIN)
Series part designator, SPT (RLIN) 20140129
b (OCLC) c
c (OCLC) sds12
d (OCLC) MPS
Holdings
Withdrawn status Lost status Source of classification or shelving scheme Damaged status Not for loan Collection code Home library Current library Shelving location Date acquired Total Checkouts Full call number Barcode Date last seen Date checked out Price effective from Koha item type
    Library of Congress Classification     Main Collection ARRUPE LIBRARY ARRUPE LIBRARY Main Collection 10/02/2015 4 JX1977.2.R5 K96 2012 46500002959 26/06/2018 23/03/2015 10/02/2015 Monograph ( Printed materials)

 

Arrupe Library. PO Box MP320 Mt Pleasant, Harare, Zimbabwe
263 242 745411|librarian@aju.ac.zw